000 00698nam a2200241Ia 4500
005 20260121112905.0
008 9616 260114s9999 xx 000 0 eng d
020 _a9789814291064
037 _aEBOOK
040 _aCRL
_beng
_cCRL
041 _aeng
_2eng
084 _qCRL
100 _aYoshikawa T Et Al
_9964855
245 0 _aBioceramics: Volume 12 - Proceedings of the 12Th International Conference on Ceramics in Medicine
260 _bWorld Scientific
260 _bWSPC
260 _c1999
650 _aMaterials Science
_9964856
856 _uhttps://www.worldscientific.com/worldscibooks/10.1142/4245#t=toc
942 _cEBOOK
999 _c1546916
_d1546916